Państwa z największą liczbą Nagród Nobla na osobę - Statystyki

Ogólne statystyki
  • Ten quiz został rozwiązany 6 769 razy
  • Średni wynik to 11 z 20
Statystyki odpowiedzi
na milion osób Państwo % Poprawnych
1.17 Stany Zjednoczone
96%
1.32 Niemcy
86%
1.07 Francja
84%
1.94 Wielka Brytania
77%
3.01 Szwecja
76%
2.43 Norwegia
72%
0.902 Finlandia
65%
3.28 Szwajcaria
61%
2.43 Dania
60%
1.17 Holandia
60%
0.870 Belgia
59%
2.51 Austria
58%
1.46 Irlandia
51%
3.39 Luksemburg
48%
2.96 Islandia
46%
1.34 Węgry
38%
1.42 Izrael
32%
11.1 Saint Lucia
29%
0.841 Cypr
16%
1.51 Timor Wschodni
3%
Nie znaleziono quizów pasujących do podanych kryteriów
Rozkład punktacji
Procent ludzi z każdym wynikiem
Percentyl według liczby udzielonych odpowiedzi
Twoja historia wyników
Nie rozwiązałeś tego quizu